<?xml version="1.0" encoding="UTF-8"?>
<marc:record xmlns:marc="http://www.loc.gov/MARC21/slim">
   <marc:leader>00000nam a2200000 a 4500</marc:leader>
   <marc:datafield ind1="1" ind2=" " tag="100">
      <marc:subfield code="a">Larsen, Dagny</marc:subfield>
      <marc:subfield code="4">aut</marc:subfield>
      <marc:subfield code="e">Verfasser/-in</marc:subfield>
   </marc:datafield>
   <marc:datafield ind1=" " ind2=" " tag="653">
      <marc:subfield code="a">Softcover</marc:subfield>
   </marc:datafield>
   <marc:datafield ind1=" " ind2=" " tag="653">
      <marc:subfield code="a">Karte</marc:subfield>
   </marc:datafield>
   <marc:datafield ind1=" " ind2=" " tag="653">
      <marc:subfield code="a">Erzählungen</marc:subfield>
   </marc:datafield>
   <marc:datafield ind1="0" ind2="0" tag="245">
      <marc:subfield code="a">Rettet Markitta</marc:subfield>
   </marc:datafield>
   <marc:datafield ind1="0" ind2="0" tag="245">
      <marc:subfield code="b">Roman</marc:subfield>
   </marc:datafield>
   <marc:datafield ind1="0" ind2="0" tag="245">
      <marc:subfield code="c">Dagny Larsen</marc:subfield>
   </marc:datafield>
   <marc:datafield ind1=" " ind2="1" tag="264">
      <marc:subfield code="a">München</marc:subfield>
      <marc:subfield code="b">Piper</marc:subfield>
      <marc:subfield code="c">2005</marc:subfield>
   </marc:datafield>
   <marc:datafield ind1="1" ind2=" " tag="520">
      <marc:subfield code="a">Wenige Tage, bevor sie verschwand, hat Erik es von seiner Mutter bekommen. Das Buch trägt den Titel &gt;Rettet Markitta&lt;. Die Geschichte, die es erzählt, handelt von der Eisprinzessin Markitta, deren Vater, König V°arde von Visland, im Sterben liegt. Markitta schwebt in großer Gefahr, denn der dämonische Kanzler Einar Tøthevool und sein seltsamer Gehilfe Kurk°ahl wollen nichts weniger als den visländischen Thron. Die Prinzessin braucht Hilfe, doch bevor Erik ihr beistehen kann, macht ihn Tøthevool selbst zum Gefangenen ... &gt;Rettet Markitta&lt; ist mehr als ein Buch im Buch: Mit dem Abenteuer von Erik und Markitta lösen sich die Grenzen zwischen Literatur und Welt auf, bis sich die packende Geschichte schließlich selbst zu Ende schreibt. &gt;Rettet Markitta&lt; ist literarisches Spiegelkabinett und mitreißende Abenteuergeschichte in einem.</marc:subfield>
   </marc:datafield>
   <marc:datafield ind1=" " ind2=" " tag="020">
      <marc:subfield code="a">9783492047128</marc:subfield>
      <marc:subfield code="9">9783492047128</marc:subfield>
   </marc:datafield>
   <marc:datafield ind1=" " ind2=" " tag="020">
      <marc:subfield code="a">3492047122</marc:subfield>
      <marc:subfield code="9">3492047122</marc:subfield>
   </marc:datafield>
   <marc:datafield ind1=" " ind2=" " tag="041">
      <marc:subfield code="a">ger</marc:subfield>
   </marc:datafield>
   <marc:datafield ind1=" " ind2=" " tag="300">
      <marc:subfield code="a">305 S.</marc:subfield>
   </marc:datafield>
</marc:record>
